000 00642nab a2200193 4500
001 244442
003 OSt
005 20250120140203.0
007 tu
008 200917s2020|||||||
040 _aDE-2950
_cDE-2950
245 0 0 _aTritt René Wilke erneut an?
_bRathaus. 2026 wird der Oberbürgermeister neu gewählt. Ob sich der Amtsinhaber eine zweite Amtszeit vorstellen kann und was AfD, CDU und Linke sagen/
_cThomas Gutke,
264 _c2024
653 _aFrankfurt (Oder)
653 _aOB Wahl 2026
653 _aRené Wilke
773 0 _g36. Jahrgang (2025) Nr. 14 vom 17.01.2025, S. 13 mit Foto
_tMärkische Oderzeitung
942 _2z
_cA
999 _c373572
_d373572